Alam Puisi

Bibliographic Details
Main Author: Siti Zainon Ismail (Author)
Format: Book
Published: Kuala Lumpur : Dewan Bahasa Dan Pustaka, Kementerian Pendidikan, Malaysia, 1994.
Subjects:

MARC

LEADER 00000cam a2200000 7i4500
001 0000005674
005 20180712.0
008 121019s1994 my aog ci0010 bm
020 |a 9836240039 
040 |a PERPUSTAM   |b eng   |c PERPUSTAM   |e rda 
090 0 0 |a 899.231   |b SIT 
100 0 |a Siti Zainon Ismail ,   |e author 
245 0 0 |a Alam Puisi   |c Siti Zainon Ismail 
264 1 |a Kuala Lumpur :   |b Dewan Bahasa Dan Pustaka, Kementerian Pendidikan, Malaysia,   |c 1994. 
300 |a 234 pages :   |b colour illustration ;   |c 28cm. 
336 |a still image, rdacontent 
336 |a text, rdacontent 
337 |a unmediated  |2 rdamedia 
338 |a volume  |2 rdacarrier 
650 0 0 |a Poetry   |x English 
999 |a 0000144007   |b Buku   |c Rujukan   |e Perpustakaan Cawangan Masjid Tanah 
999 |a 0000336037   |b Buku   |c Rujukan   |e Perpustakaan Cawangan Jasin 
999 |a 0000406590   |b Buku   |c Rak Terbuka   |e Perbadanan Perpustakaan Awam Melaka 
999 |a 190412   |b Buku   |c Rak Terbuka   |e Perpustakaan Cawangan Jasin 
999 |a 190413   |b Buku   |c Rak Terbuka   |e Perpustakaan Cawangan Jasin 
999 |a 190414   |b Buku   |c Koleksi Melaka   |e Perpustakaan Cawangan Merlimau 
999 |a 190415   |b Buku   |c Koleksi Melaka   |e Perpustakaan Cawangan Merlimau 
999 |a 190416   |b Buku   |c Rak Terbuka   |e Perbadanan Perpustakaan Awam Melaka 
999 |a 190417   |b Buku   |c Rak Terbuka   |e Perbadanan Perpustakaan Awam Melaka 
999 |a 190418   |b Buku   |c Koleksi Melaka   |e Perpustakaan Cawangan Masjid Tanah 
999 |a 190419   |b Buku   |c Koleksi Melaka   |e Perpustakaan Cawangan Masjid Tanah 
999 |a 3928   |b Buku   |c Koleksi Melaka   |e Perpustakaan Cawangan Merlimau